000 00619nam a22002297a 4500
003 LK-CoMWRAF
005 20231102131627.0
008 231006b2002 |||||||| |||| 00| 0 eng d
020 _a0072818603
040 _aLK-CoMWRAF
_dLK-CoMWRAF
_eLK-CoMWRAF
041 _aeng
082 _a306
_bLAV
100 _aLavenda, Robert H.
245 _aCore concepts in cultural anthropology
250 _a2nd ed.
260 _aBoston:
_bMcGraw-Hill,
_c2007
300 _axiii, 237 p.
_bBibliography and index included
650 _aCULTURAL ANTHROPOLOGY
650 _aEthnology
700 _aSchultz, Emily A.
942 _cBK
999 _c3794
_d3794